III Festival de la canción blanca
Publicado:
San Jorge, núm. 74 (2n trimestre 1969), pàg 56 :
MARC
| LEADER | 00000nam a2200000Ia 4500 | ||
|---|---|---|---|
| 001 | |||
| 008 | 160829s9999 xx 000 0 cat d | ||
| 245 | |a III Festival de la canción blanca | ||
| 260 | |a San Jorge, núm. 74 (2n trimestre 1969), pàg 56 | ||
| 610 | 0 | |a Llars Mundet |9 3004 | |
| 650 | |a Festivals de música |9 40470 | ||
| 901 | |a Arxiu | ||
| 942 | |n 1 | ||
| 952 | |0 0 |1 0 |4 0 |7 1 |9 47233 |a Arxiu |b Arxiu |d 2016-12-01 |l 0 |r 2016-12-01 00:00:00 |w 2016-12-01 |y ARXIU | ||
| 999 | |c 51030 |d 51030 | ||